000 01232cam a22003617a 4500
003 CHAP
005 20220817043027.0
008 971010s1985 r 00010 d
010 _a63224
011 _a64196
035 _a69448
040 _cCHAP
082 0 4 _a320.1
_bC8
100 0 0 _aCórdova, Arnaldo.
_927861
245 1 3 _aLa formación del poder político en México
260 _aMéxico, D. F. :
_bEra,
_c1985
300 _a99 p.
490 0 _aSerie popular Era
_v; 15
590 _aBATCH-UPD
_b10
_c20130110
_lUCH01
_h0813
590 _aBATCH-UPD
_b10
_c20130410
_lUCH01
_h0450
590 _aBATCH-UPD
_b10
_c20130914
_lUCH01
_h1047
590 _aBATCH-UPD
_b10
_c20161124
_lUCH01
_h1711
590 _aCONVERSION
_b10
_c20130109
_lUCH01
_h1334
650 1 4 _aEstado, El.
_938240
651 4 _aMéxico
_xPolítica y gobierno.
_976783
830 0 0 _aSerie popular Era
_v; 15
901 _aBK
942 _cLIBRO
949 _a320.1 C8
_bBC
_cLIBRO
_d33724000303780
_eLIBRO
_h66924
_i69448
_si
949 _a320.1 C8
_bBC
_cLIBRO
_d33724000303798
_eLIBRO
_fc.2
_h66925
_i69448
_si
949 _a320.1 C8
_bBC
_cLIBRO
_d33724000303806
_eLIBRO
_fc.4
_h75946
_i69448
_si
949 _a320.1 C8
_bBC
_cLIBRO
_d33724000303814
_eLIBRO
_fc.3
_h66926
_i69448
_si
999 _c63224
_d63224